000 00208 a2200109 4500
020 _a9781610678872
041 _aspa
100 _aCourtney Dicmas
245 _aEl Lemur Soądor
942 _cBK
952 _71
999 _c23949
_d23949